Normal view MARC view

Entry Personal Name

Number of records used in: 1

001 - CONTROL NUMBER

  • control field: 987

003 - CONTROL NUMBER IDENTIFIER

  • control field: DLC

005 - DATE AND TIME OF LATEST TRANSACTION

  • control field: 20191231144916.0

008 - FIXED-LENGTH DATA ELEMENTS

  • fixed length control field: 140122n| azannaabn |n aaa c

010 ## - LIBRARY OF CONGRESS CONTROL NUMBER

  • LC control number: no2014008343

035 ## - SYSTEM CONTROL NUMBER

  • System control number: (OCoLC)oca09662580

040 ## - CATALOGING SOURCE

  • Original cataloging agency: NjP
  • Language of cataloging: eng
  • Description conventions: rda
  • Transcribing agency: NjP

046 ## - SPECIAL CODED DATES

  • Birth date: 1961

100 1# - HEADING--PERSONAL NAME

  • Personal name: Ghosh, Santanu,
  • Dates associated with a name: 1961-

375 ## - GENDER

  • Gender: male

670 ## - SOURCE DATA FOUND

  • Source citation: Two decades of economic reforms in India, 2014:
  • Information found: t.p. (Santanu Ghosh)

670 ## - SOURCE DATA FOUND

  • Source citation: OCLC, January 22, 2014:
  • Information found: (Ghosh, Santanu, 1961-)

Powered by Koha